Statistiques concernant Prénoms d'homme Américains les plus courants

Cliquez ici pour prendre le quiz!

Statistiques générales

  • Ce quiz a été pris 3 604 fois
  • Le résultat moyen est 19 sur 50

Statistiques - réponses

PrénomÂge% Correct
Jonathan27
95%
John50
95%
Michael43
83%
William48
78%
James50
70%
Thomas49
65%
Robert52
65%
George54
64%
Donald57
64%
Kevin38
56%
Daniel36
48%
David47
47%
Ronald57
47%
Paul51
45%
Richard54
45%
Stephen47
45%
Steven45
45%
Christopher32
44%
Charles51
42%
Samuel28
40%
Joseph41
39%
Matthew28
39%
Patrick40
35%
Andrew29
35%
Mark48
35%
Anthony34
34%
Alexander19
31%
Benjamin24
31%
Timothy43
29%
Edward52
29%
Kenneth52
26%
Nicholas25
25%
Adam27
23%
Ryan24
23%
Joshua23
23%
Jason33
23%
Eric35
22%
Justin25
22%
Gregory47
22%
Jacob18
22%
Brian39
20%
Jerry57
18%
Brandon23
18%
Jeffrey45
17%
Aaron26
15%
Gary58
15%
Tyler19
14%
Larry59
12%
Scott44
11%
Dennis57
10%

Distribution des résultats

Percentile par nombre de réponses

% des personnes avec chaque résultat

Votre développement - résultats

Vous n’avez pas pris ce quiz